Statistiken für Fußball: Rekordnationalspieler Brasilien

Klicken Sie hier um das Quiz zu spielen!

Allgemein

  • Dieses Quiz wurde 616 mal gespielt
    (205 seit der letzten Aktualisierung)
  • Das Durchschnittsergebnis liegt bei 12 aus 28

Antwortstatistiken

Jahr des
Debüt
SpieleToreSpieler% Korrekt
201012679Neymar
96%
19579277Pele
95%
19949962Ronaldo
95%
19999733Ronaldinho
85%
199212711Roberto Carlos
76%
20081137Thiago Silva
72%
20029229Kaka
64%
19937635Rivaldo
60%
19901435Cafu
59%
1995846Ze Roberto
53%
20001054Lucio
48%
20061268Dani Alves
45%
1995930Dida
44%
2004870Julio Cesar
37%
200310028Robinho
31%
19881020Claudio Taffarel
29%
2013807Marquinhos
24%
1987916Dunga
23%
19857740Bebeto
20%
19648235Jairzinho
20%
2003767Maicon
18%
2001797Juan
13%
1952983Djalma Santos
10%
2001933Gilberto
10%
19689226Roberto Rivelino
9%
1953930Gilmar
6%
1989813Aldair
5%
1970800Emerson Leao
4%

Verteilung der Resultate

Perzentil nach korrekt beantworteten Fragen

Anzahl Personen mit jedem Resultat

Ihre Resultats-Entwicklung

Sie haben dieses Quiz seit der letzten Aktualisierung nicht gespielt